000 00570cam a2200145 4500500
005 20260208010539.0
041 _afre
042 _adc
100 1 0 _aRoux, Alexandra
_eauthor
245 0 0 _aMiklos Vetö, La naissance de la volonté, Paris, L’Harmattan, 2002, coll. « Ouverture philosophique », 332 p.
260 _c2005.
500 _a11
786 0 _nRevue philosophique de la France et de l'étranger | 130 | 1 | 2005-03-01 | p. 77q-130q | 0035-3833
856 4 1 _uhttps://shs.cairn.info/revue-philosophique-2005-1-page-77q?lang=fr&redirect-ssocas=7080
999 _c1657056
_d1657056